| 000 | 01294nam a2200373 i 4500 | ||
|---|---|---|---|
| 001 | 57553 | ||
| 003 | CO-BoRNBP | ||
| 005 | 20250710173207.0 | ||
| 007 | ta | ||
| 008 | 231210s2023 ck a|||ar|||| 00||| spa d | ||
| 020 | _a9789585366312 | ||
| 040 |
_aCO-BoRNBP _bspa _erda _cCO-BoRNBP |
||
| 041 | 1 |
_aspa _heng |
|
| 043 | _as-ck--- | ||
| 084 | _aA BAR41 | ||
| 100 | _aBarfield, Mike | ||
| 245 | 1 | 3 |
_aLos siete reinos de los seres vivos _cMike Barfield ; ilustraciones Lauren Humphrey ; traducción Ana Belén Barrios Fernández |
| 250 | _aEdición especial | ||
| 264 | 1 |
_aBogotá, Colombia _bEditorial Blume _c2023 |
|
| 300 |
_a63 páginas _bilustraciones a color _c30 cm |
||
| 336 |
_atexto _btxt _2rdacontent |
||
| 337 |
_asin mediación _bn _2rdamedia |
||
| 338 |
_avolumen _bnc _2rdacarrier |
||
| 500 | _aContiene glosario e índice. | ||
| 521 | _aRecomendado para un público infantil a partir de los 6 años | ||
| 534 | _tThat's life | ||
| 650 | 1 | 0 |
_aÁlbumes infantiles ingleses. _2ARMARC |
| 650 | 1 | 7 |
_aBiología en la literatura _2ARMARC |
| 650 | 1 | 7 |
_aCiencias naturales _xEnseñanza _2ARMARC _960990 |
| 650 | 1 | 7 |
_aLiteratura infantil inglesa _ySiglo XX _2ARMARC _9701 |
| 700 |
_aHumphrey, Lauren _958681 |
||
| 700 |
_aBarrio Fernández, Ana Belén _960991 |
||
| 942 |
_2loc _cBKLITI |
||
| 999 |
_c57553 _d57553 |
||